000 00463nam a22001577a 4500
005 20251108165008.0
008 250721s1997 xx 000 0 ara d
082 1 4 _a530/فيز
100 1 _aسويلم، محمد عطية
245 1 0 _aالفيزياء العامة /
264 1 _aعمان :
_bدار الفكر للطباعة و النشر و التوزيع،
_c1997.
300 _a461ص
650 1 7 _aالفيزياء
942 _2ddc
_cBK
999 _c19380
_d19380